000 00268nam a22001097a 4500
005 20251014115410.0
008 251014b |||||||| |||| 00| 0 eng d
040 _cPK-LaNCA
082 _a917.3
_bNEC
245 _aThe necessity for ruins and other topics
942 _cBK
999 _c67058
_d67058